| 000 | 00931nam a22002297a 4500 | ||
|---|---|---|---|
| 999 |
_c64916 _d64916 |
||
| 005 | 20240530110757.0 | ||
| 008 | 190114s2017 ua h f b 000 0 ara d | ||
| 017 |
_a2017/11278 _bمصر. دار الكتب |
||
| 020 | _a9789779113173 | ||
| 040 |
_aEG-CaGPL _cEG-CaGPL |
||
| 082 | 0 | 4 |
_221 _a305.624791262 / _bق/س ط |
| 100 | 0 | _aسعاد عثمان احمد | |
| 245 | 1 | 2 |
_aالطوائف الاجنبية فى مصر : _bالبهرة نموذجا / _cسعاد عثمان احمد |
| 260 |
_aالقاهرة : _bالهيئة المصرية العامة للكتاب، _c2017. |
||
| 300 |
_a204 ص. : _bايض ؛ _c24 سم . |
||
| 490 | 0 |
_aالثقافة الشعبية ؛ _v30. |
|
| 504 | _aيشتمل على ارجاعات ببليوجرافية | ||
| 650 | 0 | 7 |
_2qrmak _aالبهرة _xطوائف _zمصر |
| 653 | 0 | _aالطوائف الاجنبية - مصر | |
| 942 |
_2ddc _cBK |
||